000 00400pab a2200157 454500
008 180718b2014 xxu||||| |||| 00| 0 eng d
100 _aDinerstein, Ana Cecilia
245 _aThe dream of dignified work: On good and bad Utopias
260 _c2014
300 _ap.1037-1058.
362 _aSep
650 _aLabour movement
773 _aDevelopment and Change
908 _aN
909 _a106005
999 _c106000
_d106000